Qualitative research practice

Αποθηκεύτηκε σε:
Λεπτομέρειες βιβλιογραφικής εγγραφής
Άλλοι συγγραφείς: Seale, Clive (Επιμελητής έκδοσης)
Μορφή: Βιβλίο
Γλώσσα:English
Δημοσίευση: London; Thousand Oaks, Calif. : SAGE Publications, 2004
Θέματα:
Ετικέτες: Προσθήκη ετικέτας
Δεν υπάρχουν, Καταχωρήστε ετικέτα πρώτοι!

MARC

LEADER 00000nam a2200000 i 4500
001 1/49204
008 070725s2004 eng d
020 |a 978-0-7619-4776-9 (hbk.) 
020 |a 0-7619-4776-0 (hbk.) 
035 |l 10089124 
040 |a GR-MY-UA  |b gre  |e aacr 
041 0 |a eng 
082 0 |a 300.72  |2 (22) 
245 1 0 |a Qualitative research practice /  |c edited by Clive Seale ... [et al.] 
260 |a London; Thousand Oaks, Calif. :   |b SAGE Publications,   |c 2004 
300 |a xix, 620 σ.;  |b εικ.;  |c 26 εκ. 
500 |a Aνατύπωση, 2005 
504 |a Περιλαμβάνει βιβλιογραφικές αναφορές 
504 |a Περιέχει ευρετήριο 
650 0 0 |a Qualitative research. 
650 0 0 |a Social sciences  |x Research. 
650 0 0 |a Social sciences  |x Methodology. 
700 1 |a Seale, Clive.  |4 edt 
852 |a INST  |b LESVOS  |e 20070725  |h 300.72 QUA  |p 005100037787  |q 005100037787  |t BK  |y 0 
901 |a BIBL1-2007-2 
909 |a Λ  |b 136897 
922 |a 1ΕΛΗ  |b 200707  |c ΕΠΕΑΕΚ2/ΤΚ  |d ΕΛΕΥΘΕΡΟΥΔΑΚΗΣ 
970 |a ΒΑΡΚΑ  |b ΕΛΕΥΘΕΡΙΑ  |z 2007/07/25